header

GNSS markets and applications (Record no. 36016)

MARC details
000 -LEADER
fixed length control field 01446nam a2200361Ia 4500
100 1# - MAIN ENTRY--AUTHOR NAME
Personal name Jacobson, Len.
245 10 - TITLE STATEMENT
Title GNSS markets and applications
250 ## - EDITION STATEMENT
Edition statement 3rd ed.
260 ## - PUBLICATION, DISTRIBUTION, ETC. (IMPRINT)
Place of publication Norwood, MA :
Name of publisher Artech House,
Year of publication c2007.
300 ## - PHYSICAL DESCRIPTION
Number of Pages xiv, 216 p. :
Other physical details ill.
490 1# - SERIES STATEMENT
Series statement GNSS technology and applications series
650 #0 - SUBJECT ADDED ENTRY--TOPICAL TERM
Topical Term Artificial satellites in navigation.
Topical Term Geographic information systems.
Topical Term Global Positioning System
Topical Term Global Positioning System.
856 40 - ELECTRONIC LOCATION AND ACCESS
Uniform Resource Identifier http://site.ebrary.com/lib/rucke/Doc?id=10240785

No items available.

© 2026 Rongo University
Contact us: librarian | system librarian | Rongo university